US/Canada Bridges - Statistics

General Stats
  • This quiz has been taken 2 times
  • The average score is 5 of 15
Answer Stats
Picture Hint Answer % Correct
California Golden Gate Bridge
100%
New York Brooklyn Bridge
50%
British Columbia Capilano Suspension Bridge
50%
New Brunswick Confederation Bridge
50%
New York George Washington Bridge
50%
British Columbia Lions Gate Bridge
50%
Michigan Mackinac Bridge
50%
Florida Sunshine Skyway Bridge
50%
New Brunswick Alexandra Bridge
0%
California Bixby Creek Bridge
0%
Quebec Jacques-Cartier Bridge
0%
West Virginia New River Gorge Bridge
0%
Quebec Quebec Bridge
0%
Colorado Royal Gorge Bridge
0%
Quebec Samuel De Champlain Bridge
0%
No matching quizzes found
Score Distribution
Percent of People with Each Score
Percentile by Number Answered
Your Score History
You have not taken this quiz